Top 250 Animation Movies - Statistics

General Stats
  • This quiz has been taken 107 times
  • The average score is 27 of 250
Answer Stats
Hint Answer % Correct
5. Toy Story
82%
61. Snow White and the Seven Dwarfs
68%
6. Toy Story 3
68%
14. Toy Story 2
67%
85. Cinderella
61%
17. Frozen
58%
39. Cars
56%
13. Shrek
54%
2. The Lion King
53%
40. Moana
51%
16. Beauty and the Beast
47%
41. Mulan
47%
21. Tangled
47%
90. Sleeping Beauty
46%
42. The Little Mermaid
46%
23. Aladdin
44%
34. Shrek 2
44%
1. Wall-E
44%
92. Bambi
42%
3. Up
42%
63. The Jungle Book
39%
233. Cars 2
37%
184. Cars 3
37%
22. Coco
37%
10. The Incredibles
37%
11. Inside Out
35%
87. 101 Dalmatians
33%
99. Dumbo
33%
94. Fantasia
33%
4. Finding Nemo
33%
82. Pinocchio
33%
112. Pocahontas
32%
7. Monsters, Inc.
30%
95. Peter Pan
30%
8. Spirited Away
30%
96. Lady and the Tramp
28%
65. Tarzan
28%
64. Hercules
26%
18. Zootopia
26%
52. A Bug’s Life
25%
141. Minions
25%
12. Ratatouille
25%
27. Wreck-It Ralph
25%
89. Alice in Wonderland
23%
15. Despicable Me
23%
55. Finding Dory
23%
9. How to Train Your Dragon
21%
127. The AristoCats
21%
103. The Princess and the Frog
21%
25. Kung Fu Panda
19%
86. Robin Hood
19%
133. Antz
18%
20. Big Hero 6
18%
38. Brave
18%
156. Christopher Robin
18%
33. Despicable Me 2
18%
45. Incredibles 2
18%
37. Monsters University
18%
106. The Hunchback of Notre Dame
18%
238. Despicable Me 3
16%
24. Howl’s Moving Castle
16%
138. Puss in Boots
16%
35. Spider-Man: Into the Spider-Verse
16%
29. The Nightmare Before Christmas
16%
182. The Rescuers
16%
31. How to Train Your Dragon 2
14%
26. Ice Age
14%
120. The Fox and the Hound
14%
200. Fantasia 2000
12%
51. Madagascar
12%
50. Coraline
11%
161. How to Train Your Dragon: The Hidden World
11%
71. Ice Age 3: Dawn of the Dinosaurs
11%
114. Ice Age 4: Continental Drift
11%
75. Ice Age: The Meltdown
11%
57. Megamind
11%
84. Rio
11%
68. The Emperor’s New Groove
11%
47. The Iron Giant
11%
181. The Many Adventures of Winnie the Pooh
11%
36. The Simpsons Movie
11%
247. Winnie the Pooh
11%
213. A Goofy Movie
9%
107. Anastasia
9%
91. Bolt
9%
171. Home
9%
130. Ralph Breaks the Internet
9%
28. The Lego Movie
9%
104. The Prince of Egypt
9%
222. The Rescuers Down Under
9%
123. The Sword in the Stone
9%
121. Treasure Planet
9%
134. Atlantis: The Lost Empire
7%
59. Castle in the Sky
7%
43. Fantastic Mr. Fox
7%
32. Grave of the Fireflies
7%
139. Happy Feet
7%
56. Kung Fu Panda 2
7%
234. Oliver & Company
7%
79. Ponyo
7%
19. Princess Mononoke
7%
176. Shrek Forever After
7%
102. Sing
7%
225. Turbo
7%
146. A Christmas Carol
5%
48. Corpse Bride
5%
101. Kung Fu Panda 3
5%
80. Lilo & Stitch
5%
153. Monsters vs. Aliens
5%
30. My Neighbour Totoro
5%
62. Rango
5%
204. Robots
5%
240. Shrek the Third
5%
159. The Good Dinosaur
5%
206. The Lorax
5%
149. The SpongeBob SquarePants Movie
5%
53. Akira
4%
249. All Dogs Go to Heaven
4%
152. Brother Bear
4%
77. Cloudy with a Chance of Meatballs
4%
67. Hotel Transylvania
4%
158. Hotel Transylvania 2
4%
105. Madagascar 3: Europe’s Most Wanted
4%
100. Madagascar: Escape 2 Africa
4%
116. Over the Hedge
4%
117. Paprika
4%
135. Perfect Blue
4%
83. Persepolis
4%
73. Rise of the Guardians
4%
140. The Book of Life
4%
119. The Land Before Time
4%
189. The Peanuts Movie
4%
154. The Road to El Dorado
4%
137. The Secret Life of Pets
4%
217. Trolls
4%
170. Watership Down
4%
54. Who Framed Roger Rabbit
4%
49. Your Name.
4%
173. A Silent Voice
2%
147. Batman: Mask of the Phantasm
2%
207. Bedknobs and Broomsticks
2%
214. Cloudy with a Chance of Meatballs 2
2%
245. Dinosaur
2%
78. Enchanted
2%
128. Frankenweenie
2%
72. Isle of Dogs
2%
196. James and the Giant Peach
2%
76. Kiki’s Delivery Service
2%
46. Mary and Max
2%
148. Meet the Robinsons
2%
186. Mr. Peabody & Sherman
2%
164. Neon Genesis Evangelion: The End of Evangelion
2%
129. ParaNorman
2%
174. Penguins of Madagascar
2%
108. Porco Rosso
2%
215. Sausage Party
2%
193. Storks
2%
188. Surf’s Up
2%
231. The Boss Baby
2%
191. The Boxtrolls
2%
132. The Little Prince
2%
124. The Polar Express
2%
169. The Secret of NIMH
2%
208. Titan A.E.
2%
177. Tokyo Godfathers
2%
145. 5 Centimetres Per Second
0%
98. 9
0%
115. A Monster Calls
0%
192. An American Tail
0%
142. Anomalisa
0%
111. Arrietty
0%
175. Arthur Christmas
0%
109. A Scanner Darkly
0%
194. Balto
0%
178. Basil, the Great Mouse Detective
0%
199. Beavis and Butt-Head Do America
0%
220. Beowulf
0%
210. Bilal: A New Breed of Hero
0%
88. Chicken Run
0%
198. Cobain: Montage of Heck
0%
143 Cowboy Bebop: The Movie
0%
221. Dragon Ball Super: Broly
0%
228. Dragon Ball Z: Battle of the Gods
0%
242. Dragon Ball Z: Resurrection ‘F’
0%
155. Epic
0%
223. Ernest & Celestine
0%
230. Evangelion: 1.11 You Are (Not) Alone
0%
235. Evangelion: 2.22 You Can (Not) Advance
0%
205. Fantastic Planet
0%
232. Ferdinand
0%
218. Final Fantasy: The Spirits Within
0%
150. Final Fantasy VII: Advent Children
0%
162. Flushed Away
0%
197. From Up on Poppy Hill
0%
167. Ghost in the Shell 2: Innocence
0%
66. Ghost on the Shell
0%
239. Hoodwinked!
0%
122. Horton Hears a Who!
0%
244. Interstellar 5555: The 5tory of the 5ecret 5tar 5ystem
0%
241. Kôkaku kidôtai 2.0
0%
74. Kubo and the Two Strings
0%
144. Legend of the Guardians: The Owls of Ga’Hoole
0%
151. Loving Vincent
0%
202. Lupin the 3rd: Castle of Cagliostro
0%
203. Millennium Actress
0%
168. Monsters House
0%
224. My Life as a Zucchini
0%
58. Nausicaä of the Valley of the Wind
0%
163. Ninja Scroll
0%
212. Only Yesterday
0%
243. Osamu Tezuka’s Metropolis
0%
69. Paul
0%
97. Pink Floyd: The Wall
0%
237. Pom Poko
0%
185. Shaun the Sheep Movie
0%
219. Sinbad: Legend of the Seven Seas
0%
126. Song of the Sea
0%
44. South Park: Bigger, Longer & Uncut
0%
166. Space Jam
0%
160. Spirit: Stallion of the Cimarron
0%
209. Summer Wars
0%
246. Sword of the Stranger
0%
60. The Adventures of Tintin
0%
236. The Boy and the Beast
0%
227. The Brave Little Toaster
0%
248. The Breadwinner
0%
172. The Cat Returns
0%
70. The Croods
0%
195. The Garden of Words
0%
125. The Girl Who Leapt Through Time
0%
180. The Illusionist
0%
211. The Last Unicorn
0%
93. The Lego Batman Movie
0%
229. The Pinchcliffe Grand Prix
0%
226. The Pirates! band of Misfits
0%
201. The Read Turtle
0%
179. The Secret of Kells
0%
165. The Tale of Princess Kaguya
0%
183. The Transformers: The Movie
0%
131. The Triplets of Belleville
0%
250. The Twelve Tasks of Asterix
0%
136. The Whisper of the Heart
0%
110. The Wind Rises
0%
187. Vampire Hunter D: Bloodlust
0%
118. Waking Life
0%
81. Wallace & Gromit: The Curse of the Were-Rabbit
0%
113. Waltz with Bashir
0%
190. When Marnie Was There
0%
157. Wolf Children
0%
216. Yellow Submarine
0%
No matching quizzes found
Score Distribution
Percent of People with Each Score
Percentile by Number Answered
Your Score History
You have not taken this quiz